00378nam a2200157Ia 4500008004000000082001600040100001700056245003500073260003400108300001300142650000700155650001500162650001400177650001100191700001800202210210b2002 xxu||||| |||| 00| 0 eng d a658.15 SAXB aSAXENA (V K) aBasics of financial management aNDbSultan Chand & Sonsc2002 aB8.15,iv aof amanagement afinancial aBasics aVASHIST (C D)